000 00683nam a2200217 i 4500
001 bgj
100 1 _aBOURKE, Kenna
245 1 0 _aThe Grammar Lab /
_cKenna Bourke ; illustrated by Korky Paul and David Mostyn.
250 _a1st published in 1999
_a[2nd impr.].
260 _aOxford ;
_aNew York :
_bOxford University Press,
_c2001.
300 _a218 pp :
_bill. ;
_c28 cm.
650 9 _aEnglish Language
_xGrammar
_xTextbooks for young learners
700 1 _aPAUL, Korky.
_eill.
700 1 _aMOSTYN, David.
_eill.
020 _a0194330176 (pbk)
040 _cBPK
041 0 _aeng
920 _a0-19-433017-6 (pbk)
942 _cKS
008 s uk f |000 0 eng
999 _c48254
_d48254
856 _uhttp://koha.tu.koszalin.pl/cgi-bin/koha/opac-detail.pl?biblionumber=48254
_yKatalog online BPK